000 00608aas a2200193 4500
999 _c63496
_d63496
001 768714001
003 CO-MdFUSB
005 20171025122729.0
008 171025s2010 ck ||||| |||| 00| 0 spa d
022 _a2145-8197
040 _aCO-MdFUSB
_bspa
_cCO-MdFUSB
_dCO-MdFUSB
041 _aspa
245 0 _aGarcía Márquez se gana un Nobel
_c/ El Tiempo
300 _aNúmero 8 (2010), página 14
_c: 28 cm.
520 1 _aLa academia reconoce la maestría de obras como Cien años de soledad.
650 1 4 _aHISTORIA
773 0 _tdk100
_049432
_959931
_gNúmero 8 (2010), página 14
_qPágina 14
942 _cANA